<?xml version="1.0" encoding="UTF-8"?>
<record
    xmlns:xsi="http://www.w3.org/2001/XMLSchema-instance"
    xsi:schemaLocation="http://www.loc.gov/MARC21/slim http://www.loc.gov/standards/marcxml/schema/MARC21slim.xsd"
    xmlns="http://www.loc.gov/MARC21/slim">

  <leader>00736nam a22002297a 4500</leader>
  <controlfield tag="005">20170124110121.0</controlfield>
  <datafield tag="010" ind1=" " ind2=" ">
    <subfield code="a">317666</subfield>
  </datafield>
  <datafield tag="020" ind1=" " ind2=" ">
    <subfield code="c">20.00</subfield>
  </datafield>
  <datafield tag="035" ind1=" " ind2=" ">
    <subfield code="a">317666</subfield>
  </datafield>
  <datafield tag="037" ind1=" " ind2=" ">
    <subfield code="b">Cen Lib/Ret</subfield>
  </datafield>
  <datafield tag="040" ind1=" " ind2=" ">
    <subfield code="a">DPL</subfield>
    <subfield code="b">EN</subfield>
  </datafield>
  <datafield tag="082" ind1=" " ind2=" ">
    <subfield code="a">954.12</subfield>
    <subfield code="b">BAJ</subfield>
  </datafield>
  <datafield tag="100" ind1=" " ind2=" ">
    <subfield code="a">Bajwa, Fauja Singh</subfield>
    <subfield code="9">30659</subfield>
  </datafield>
  <datafield tag="245" ind1=" " ind2=" ">
    <subfield code="a">Military system of the Sikhs :</subfield>
    <subfield code="c">by Fauja Singh Bajwa</subfield>
    <subfield code="b">during the period 1799-1848 /</subfield>
  </datafield>
  <datafield tag="260" ind1=" " ind2=" ">
    <subfield code="a">Delhi</subfield>
    <subfield code="b">Motilal Banarsidass</subfield>
    <subfield code="c">1964</subfield>
  </datafield>
  <datafield tag="270" ind1=" " ind2=" ">
    <subfield code="a">Bungalow Road, Jawahar Nagar </subfield>
    <subfield code="b">Delhi</subfield>
    <subfield code="e">110006</subfield>
  </datafield>
  <datafield tag="300" ind1=" " ind2=" ">
    <subfield code="a">xx,382p. :</subfield>
    <subfield code="c">21cm(Hb)</subfield>
    <subfield code="b">ill.</subfield>
    <subfield code="e">maps</subfield>
  </datafield>
  <datafield tag="500" ind1=" " ind2=" ">
    <subfield code="a">Includes bibliographical references and index  </subfield>
  </datafield>
  <datafield tag="650" ind1=" " ind2=" ">
    <subfield code="a">Sikhs</subfield>
    <subfield code="9">30660</subfield>
  </datafield>
  <datafield tag="650" ind1=" " ind2=" ">
    <subfield code="a">India -- History, Military</subfield>
    <subfield code="9">28158</subfield>
  </datafield>
  <datafield tag="942" ind1=" " ind2=" ">
    <subfield code="2">ddc</subfield>
    <subfield code="c">EN</subfield>
    <subfield code="h">954.12</subfield>
    <subfield code="m">BAJ</subfield>
  </datafield>
  <datafield tag="999" ind1=" " ind2=" ">
    <subfield code="c">131044</subfield>
    <subfield code="d">131044</subfield>
  </datafield>
  <datafield tag="952" ind1=" " ind2=" ">
    <subfield code="0">0</subfield>
    <subfield code="1">0</subfield>
    <subfield code="4">0</subfield>
    <subfield code="7">0</subfield>
    <subfield code="a">L</subfield>
    <subfield code="b">L</subfield>
    <subfield code="d">2015-07-13</subfield>
    <subfield code="e">Cen Lib/Ret  </subfield>
    <subfield code="g">20.00</subfield>
    <subfield code="l">1</subfield>
    <subfield code="o">954.12 BAJ</subfield>
    <subfield code="p">317666</subfield>
    <subfield code="r">2018-07-26 00:00:00</subfield>
    <subfield code="s">2018-07-04</subfield>
    <subfield code="t">1</subfield>
    <subfield code="v">20.00</subfield>
    <subfield code="w">2015-07-13</subfield>
    <subfield code="y">EN</subfield>
  </datafield>
</record>
